| 000 | 00969nam a2200265Ia 4500 | ||
|---|---|---|---|
| 003 | OSt | ||
| 005 | 20221005110841.0 | ||
| 006 | a|||||r|||| 00| 0 | ||
| 007 | ta | ||
| 008 | 221004b |||||||| |||| 00| 0 hin d | ||
| 020 |
_a97881717809887 (hbk) _c400 |
||
| 024 | _a10967 | ||
| 037 |
_b8178, 20/03/2014, Rajkamal Prakashan Pvt. Ltd. _cTextual |
||
| 040 |
_aCRL _cCRL _bhin |
||
| 041 |
_2hin _ahin |
||
| 082 | _aO152,3N1511,MK, M9;Q1 | ||
| 100 | _aसाहनी, भीष्म | ||
| 245 | 0 | _aमय्यादास की माड़ी | |
| 246 | _aMayyādās kī māड़ī | ||
| 260 |
_aनई दिल्ली _bराजकमल प्रकाशन भारत _c2011 |
||
| 300 |
_a333पृ0 _ccm. |
||
| 650 | _aहिन्दी साहित्य | ||
| 942 |
_hO152,3N1511,MK, M9;Q1 _cTEXL _2cc |
||
| 999 |
_c1020069 _d1020069 |
||